[Event "GER Cup Net Final-B U2000"]
[Site "Playchess.com INT"]
[Date "2020.06.06"]
[Round "12"]
[White "Bashylin, Seva"]
[Black "Schenk, Jonatan"]
[Result "1-0"]
[WhiteElo "1869"]
[BlackElo "1587"]
[PlyCount "69"]
[EventDate "2020.06.06"]
[EventType "swiss (blitz)"]
[EventRounds "13"]
[EventCountry "GER"]
[SourceTitle "CBM 197 Extra"]
[Source "ChessBase"]
[SourceDate "2020.09.30"]
[SourceVersion "1"]
[SourceVersionDate "2020.09.30"]
[SourceQuality "1"]

1. d4 f5 2. Bg5 h6 3. Bh4 g5 4. Bg3 f4 5. e3 Nf6 6. exf4 gxf4 7. Bxf4 d6 8. Bd3 e6 9. Bg6+ Kd7 10. Nf3 c6 11. Nbd2 Be7 12. Ne4 Nd5 13. Bg3 Rg8 14. Bh5 Nf6 15. Nxf6+ Bxf6 16. Qd3 Qa5+ 17. Nd2 Qxh5 18. Ne4 Be7 19. Qa3 Qd5 20. Qd3 b5 21. 0-0-0 Na6 22. a3 b4 23. a4 Nc7 24. f3 Ba6 25. Qd2 Bg5 26. Nxg5 hxg5 27. h4 Qa2 28. Qxb4 Ne8 29. hxg5 Qd5 30. Rh7+ Kd8 31. g6 Qg5+ 32. Kb1 Qxg3 33. Qa5+ Nc7 34. Qxc7+ Ke8 35. Qe7# 1-0

[Event "GER Cup Net Final-B U2000"]
[Site "Playchess.com INT"]
[Date "2020.06.06"]
[Round "13"]
[White "Hofmann, Matthias1111"]
[Black "Bashylin, Seva"]
[Result "1-0"]
[WhiteElo "1636"]
[BlackElo "1875"]
[PlyCount "49"]
[EventDate "2020.06.06"]
[EventType "swiss (blitz)"]
[EventRounds "13"]
[EventCountry "GER"]
[SourceTitle "CBM 197 Extra"]
[Source "ChessBase"]
[SourceDate "2020.09.30"]
[SourceVersion "1"]
[SourceVersionDate "2020.09.30"]
[SourceQuality "1"]

1. e4 e5 2. Nf3 d6 3. d4 exd4 4. Nxd4 Nf6 5. Nc3 Be7 6. Be2 0-0 7. 0-0 Nc6 8. Nxc6 bxc6 9. Qd3 Be6 10. b3 Nd7 11. Bb2 Nc5 12. Qe3 f5 13. Bd3 fxe4 14. Nxe4 Nxe4 15. Qxe4 Bf5 16. Qxc6 Bxd3 17. Qd5+ Kh8 18. Qxd3 Qd7 19. c4 Bf6 20. Bxf6 Rxf6 21. Rae1 Rg6 22. Qd5 Rf8 23. Re3 h6 24. Rfe1 Rf5 25. Re8+ 1-0

[Event "GER Cup Net V4 U2000"]
[Site "Playchess.com INT"]
[Date "2020.05.31"]
[Round "4"]
[White "Meschke, Andreas"]
[Black "Bashylin, Seva"]
[Result "0-1"]
[WhiteElo "1865"]
[BlackElo "1985"]
[PlyCount "82"]
[EventDate "2020.05.31"]
[EventType "swiss (blitz)"]
[EventRounds "9"]
[EventCountry "GER"]
[SourceTitle "EXT 2021"]
[Source "ChessBase"]
[SourceDate "2020.10.23"]
[SourceVersion "1"]
[SourceVersionDate "2020.10.23"]
[SourceQuality "1"]

1. e4 e5 2. Nf3 d6 3. Bc4 Be7 4. c3 Nf6 5. d3 0-0 6. Bg5 a6 7. Nbd2 Nbd7 8. 0-0 h6 9. Bh4 Nh5 10. Bxe7 Qxe7 11. Nd4 exd4 12. Qxh5 dxc3 13. bxc3 Ne5 14. Qe2 Nxc4 15. Nxc4 d5 16. Nd2 dxe4 17. Nxe4 Be6 18. Rab1 b6 19. Rfe1 Rfd8 20. Ng3 Qa3 21. Ne4 Qxa2 22. Qh5 Rxd3 23. Qe5 Qc4 24. Rb4 Qc6 25. f4 a5 26. Rd4 Rxd4 27. cxd4 Rd8 28. f5 Rd5 29. Qg3 Rxf5 30. h3 Qd7 31. Kh2 a4 32. d5 Qxd5 33. Qxc7 Qe5+ 34. Qxe5 Rxe5 35. g4 f5 36. gxf5 Bxf5 37. Ng3 Rxe1 38. Nxf5 a3 39. Nd4 a2 40. Nc2 a1Q 41. Nxa1 Rxa1 0-1

[Event "GER Cup Net V3 U2000"]
[Site "Playchess.com INT"]
[Date "2020.05.27"]
[Round "2"]
[White "Friemel, Reinhard"]
[Black "Bashylin, Seva"]
[Result "0-1"]
[WhiteElo "1657"]
[BlackElo "2026"]
[PlyCount "104"]
[EventDate "2020.05.27"]
[EventType "swiss (blitz)"]
[EventRounds "9"]
[EventCountry "GER"]
[SourceTitle "EXT 2021"]
[Source "ChessBase"]
[SourceDate "2020.10.23"]
[SourceVersion "1"]
[SourceVersionDate "2020.10.23"]
[SourceQuality "1"]

1. e4 e5 2. Nf3 d6 3. d4 exd4 4. Nxd4 Nf6 5. Bd3 Be7 6. h3 0-0 7. 0-0 Nc6 8. Be3 Nxd4 9. Bxd4 Nd7 10. c4 Bf6 11. Bxf6 Qxf6 12. Qc2 b6 13. Nc3 Bb7 14. f3 Qg5 15. Rae1 Rfe8 16. Qf2 Qa5 17. a3 Ne5 18. Be2 Ba6 19. Nd5 Rac8 20. Rc1 Qd2 21. b4 Nd3 22. Bxd3 Qxd3 23. Rfd1 Qb3 24. Qg3 Re6 25. Nf4 Rxe4 26. Rd3 Qb2 27. Rf1 Re7 28. Nd5 Ree8 29. Nf6+ Kf8 30. Nxe8 Rxe8 31. Re1 Rxe1+ 32. Qxe1 Bxc4 33. Re3 Be6 34. Rxe6 fxe6 35. Qxe6 Qa1+ 36. Kh2 Qe5+ 37. Qxe5 dxe5 38. Kg3 c5 39. Kg4 Kf7 40. Kf5 cxb4 41. axb4 a5 42. Kxe5 axb4 43. Kd4 b3 44. Kc3 Kf6 45. Kxb3 Kf5 46. g3 Ke5 47. Kc3 Kd5 48. Kb4 Kd4 49. f4 Ke4 50. Kb5 Kf3 51. g4 Kxf4 52. Kxb6 Kg3 0-1

[Event "GER-ch Net Amateur Gr-B Vor3"]
[Site "Playchess.com INT"]
[Date "2020.04.16"]
[Round "4"]
[White "Joachim, Christian"]
[Black "Bashylin, Seva"]
[Result "0-1"]
[WhiteElo "1776"]
[BlackElo "1620"]
[PlyCount "90"]
[EventDate "2020.04.16"]
[EventType "swiss (blitz)"]
[EventRounds "9"]
[EventCountry "GER"]
[SourceTitle "CBM 195 Extra"]
[Source "ChessBase"]
[SourceDate "2020.05.31"]
[SourceVersion "1"]
[SourceVersionDate "2020.05.31"]
[SourceQuality "1"]

1. Nf3 Nf6 2. d4 g6 3. Bg5 Bg7 4. e3 0-0 5. Nbd2 d6 6. Bd3 Nbd7 7. c3 b6 8. Rc1 Bb7 9. Bb1 h6 10. Bh4 Qe8 11. Qc2 e5 12. dxe5 Nxe5 13. 0-0 Nxf3+ 14. Nxf3 Ne4 15. Rcd1 Qe6 16. Qb3 Qxb3 17. axb3 a5 18. Nd2 Nc5 19. Bc2 b5 20. Nf3 Bxf3 21. gxf3 b4 22. cxb4 axb4 23. Be4 Ra2 24. Bd5 Rxb2 25. Rb1 Rxb1 26. Rxb1 g5 27. Bg3 Kh7 28. f4 f5 29. Bc4 g4 30. Rd1 Ra8 31. Bh4 Kg6 32. Kg2 Ne4 33. Bd5 Ra2 34. Rc1 Bc3 35. Rd1 Rd2 36. Rc1 Rxd5 37. Bg3 c5 38. Rd1 Rxd1 39. h3 h5 40. hxg4 hxg4 41. Bh4 Rd2 42. Be7 Rxf2+ 43. Kg1 Bd2 44. Bxd6 Bxe3 45. Bxc5 Bxc5 0-1

[Event "GER-ch Net Amateur Gr-B Vor3"]
[Site "Playchess.com INT"]
[Date "2020.04.16"]
[Round "5"]
[White "Zeuner, Ole"]
[Black "Bashylin, Seva"]
[Result "1-0"]
[WhiteElo "1922"]
[BlackElo "1620"]
[PlyCount "93"]
[EventDate "2020.04.16"]
[EventType "swiss (blitz)"]
[EventRounds "9"]
[EventCountry "GER"]
[SourceTitle "CBM 195 Extra"]
[Source "ChessBase"]
[SourceDate "2020.05.31"]
[SourceVersion "1"]
[SourceVersionDate "2020.05.31"]
[SourceQuality "1"]

1. e4 e5 2. Nf3 d6 3. Bc4 Be7 4. 0-0 Nf6 5. d4 Nbd7 6. Nc3 0-0 7. Be3 c6 8. Qe2 b5 9. Bd3 a6 10. a3 Bb7 11. h3 c5 12. dxc5 dxc5 13. b3 Qc7 14. Rfd1 Rfd8 15. a4 b4 16. Nb1 Nxe4 17. Bc4 Nb6 18. Bd3 h6 19. Bd2 f5 20. c3 Nxd2 21. Rxd2 e4 22. Bc4+ Nxc4 23. Qxc4+ Kh8 24. Ne1 Bf6 25. Raa2 bxc3 26. Nxc3 Qe5 27. Ne2 Qe7 28. Nf4 Kh7 29. Ne6 Rd6 30. Nxc5 Rxd2 31. Rxd2 Rc8 32. b4 a5 33. Qb5 Rc7 34. Qxa5 Bc6 35. Nc2 Be8 36. Ne3 g6 37. Nd5 Qd8 38. Qxc7+ Qxc7 39. Nxc7 Bf7 40. a5 Bc3 41. Rd7 Kg8 42. a6 Bxb4 43. a7 Bxc5 44. a8Q+ Kg7 45. Qe8 Bxf2+ 46. Kxf2 e3+ 47. Kxe3 1-0

[Event "Solingen Karneval op"]
[Site "Solingen"]
[Date "2016.02.07"]
[Round "5"]
[White "Ipekyilmaz, Mert"]
[Black "Bashylin, Seva"]
[Result "0-1"]
[WhiteElo "1471"]
[BlackElo "1709"]
[PlyCount "72"]
[EventDate "2016.02.05"]
[EventType "swiss"]
[EventRounds "5"]
[EventCountry "GER"]
[SourceTitle "EXT 2018"]
[Source "ChessBase"]
[SourceDate "2017.10.13"]
[SourceVersion "1"]
[SourceVersionDate "2017.10.13"]
[SourceQuality "1"]

1. e4 e5 2. Nf3 d6 3. Bc4 Be7 4. Nc3 Nf6 5. h3 0-0 6. 0-0 Nc6 7. d3 Be6 8. Bb3 Bxb3 9. axb3 h6 10. Bd2 Nh7 11. Qc1 f5 12. Nd5 f4 13. Nxe7+ Qxe7 14. Qd1 g5 15. Nh2 Qg7 16. c3 Nf6 17. Ng4 Nd7 18. b4 h5 19. Nh2 Nf6 20. g3 g4 21. h4 f3 22. Qc1 Kh7 23. Re1 Ne7 24. Nf1 Ng6 25. Bg5 a6 26. Ne3 Ne7 27. Qd2 Qf7 28. Bxf6 Qxf6 29. Nc2 Ng6 30. b3 Nxh4 31. gxh4 Qxh4 32. Ne3 g3 33. fxg3 Qxg3+ 34. Kf1 Rg8 35. Qf2 Qh3+ 36. Ng2 Rxg2 0-1

[Event "GER-chT U20"]
[Site "Naumburg Saale"]
[Date "2014.12.29"]
[Round "5.5"]
[White "Thamm, Merlin Jannes"]
[Black "Bashylin, Seva"]
[Result "0-1"]
[WhiteElo "1851"]
[BlackElo "1823"]
[PlyCount "82"]
[EventDate "2014.12.27"]
[EventType "team-swiss"]
[EventRounds "7"]
[EventCountry "GER"]
[SourceTitle "EXT 2016"]
[Source "ChessBase"]
[SourceDate "2015.10.08"]
[SourceVersion "1"]
[SourceVersionDate "2015.10.08"]
[SourceQuality "1"]
[WhiteTeam "Dresden TU"]
[BlackTeam "Solingen"]
[WhiteTeamCountry "GER"]
[BlackTeamCountry "GER"]

1. e4 e5 2. Nf3 d6 3. d4 exd4 4. Nxd4 Nf6 5. Nc3 Be7 6. Be2 0-0 7. 0-0 a6 8. a4 b6 9. f4 c5 10. Nf5 Bxf5 11. exf5 Qd7 12. Bf3 Nc6 13. Re1 Rae8 14. Be3 Nb4 15. g4 Rd8 16. Bf2 d5 17. g5 Ne8 18. Nxd5 Nxd5 19. Bxd5 Qxf5 20. Rxe7 Rxd5 21. Qf3 Nd6 22. Qb3 Rd2 23. Rae1 Qxf4 24. Bg3 Qd4+ 25. Qe3 Qxe3+ 26. R7xe3 Nf5 27. Rb3 Nxg3 28. hxg3 Rxc2 29. Rxb6 Rd8 30. Rd6 Rf8 31. Rxa6 Rxb2 32. Rc1 g6 33. Rxc5 Rd8 34. Rc1 Rd3 35. Rf1 Rxg3+ 36. Kh1 Rb4 37. Kh2 Rxg5 38. Kh3 f5 39. Rc1 Rbg4 40. Rc8+ Kg7 41. Rc7+ Kh6 0-1

[Event "GER-chT U20"]
[Site "Naumburg Saale"]
[Date "2014.12.28"]
[Round "4.5"]
[White "Bashylin, Seva"]
[Black "Padva, Leo"]
[Result "1-0"]
[WhiteElo "1823"]
[BlackElo "1933"]
[PlyCount "97"]
[EventDate "2014.12.27"]
[EventType "team-swiss"]
[EventRounds "7"]
[EventCountry "GER"]
[SourceTitle "EXT 2016"]
[Source "ChessBase"]
[SourceDate "2015.10.08"]
[SourceVersion "1"]
[SourceVersionDate "2015.10.08"]
[SourceQuality "1"]
[WhiteTeam "Solingen"]
[BlackTeam "Porz SG"]
[WhiteTeamCountry "GER"]
[BlackTeamCountry "GER"]

1. d4 Nf6 2. Nf3 g6 3. Bf4 Bg7 4. h3 d6 5. e3 0-0 6. Be2 Nc6 7. c3 Bd7 8. 0-0 Re8 9. Nbd2 e5 10. dxe5 dxe5 11. Bh2 e4 12. Nd4 Nxd4 13. exd4 Rc8 14. Nc4 Be6 15. Na5 Qd5 16. b4 b6 17. Nc4 Nd7 18. Ne3 Qg5 19. Ba6 Ra8 20. Bxc7 f5 21. g3 Qh6 22. h4 g5 23. hxg5 Qxg5 24. Bb7 Bf7 25. Bf4 Qg6 26. Bxa8 Rxa8 27. Rc1 Bf6 28. Ng2 Bg5 29. Qd2 Be7 30. c4 Nf6 31. d5 Ng4 32. Ne3 Qh5 33. Nxg4 Qxg4 34. Be5 Bh5 35. Qf4 Qg6 36. Qd2 Bf3 37. d6 Rd8 38. Qd5+ Kf8 39. Qb7 Bg5 40. Rc3 Qh6 41. Rxf3 exf3 42. Qxf3 f4 43. c5 bxc5 44. bxc5 Re8 45. Bxf4 Bxf4 46. Qxf4+ Qxf4 47. gxf4 Re6 48. Rc1 Ke8 49. c6 1-0

[Event "Oberliga NRW 1314"]
[Site "Germany"]
[Date "2014.04.06"]
[Round "8.8"]
[White "Bashylin, Seva"]
[Black "Henrichs, Wenke"]
[Result "1/2-1/2"]
[WhiteElo "1842"]
[BlackElo "2026"]
[PlyCount "57"]
[EventDate "2013.09.15"]
[EventType "team-tourn"]
[EventRounds "9"]
[EventCountry "GER"]
[SourceTitle "EXT 2015"]
[Source "ChessBase"]
[SourceDate "2014.11.20"]
[SourceVersion "1"]
[SourceVersionDate "2014.11.20"]
[SourceQuality "1"]
[WhiteTeam "Solingen II"]
[BlackTeam "Wattenscheid II"]
[WhiteTeamCountry "GER"]
[BlackTeamCountry "GER"]

1. d4 e6 2. Nf3 f5 3. Bg5 Nf6 4. h3 d5 5. e3 Bd6 6. Nc3 c6 7. Bd3 b6 8. Qe2 a5 9. Ne5 0-0 10. g4 c5 11. Qf3 cxd4 12. exd4 Nbd7 13. Nxd7 Qxd7 14. gxf5 Bb4 15. 0-0-0 Bxc3 16. bxc3 exf5 17. Bxf6 Rxf6 18. Rde1 Bb7 19. Re5 Raf8 20. Qe2 Bc6 21. Rg1 Qd6 22. Rg5 g6 23. f4 Kg7 24. Qg2 b5 25. h4 Qa3+ 26. Kd2 b4 27. cxb4 Qxb4+ 28. Ke3 Qe1+ 29. Kf3 1/2-1/2

[Event "GER-chT U20"]
[Site "Osnabrueck"]
[Date "2012.12.29"]
[Round "6.6"]
[White "Bashylin, Seva"]
[Black "Gross, Dennis"]
[Result "1/2-1/2"]
[WhiteElo "1766"]
[BlackElo "1516"]
[PlyCount "80"]
[EventDate "2012.12.27"]
[EventType "team-swiss"]
[EventRounds "7"]
[EventCountry "GER"]
[SourceTitle "EXT 2014"]
[Source "ChessBase"]
[SourceDate "2013.11.20"]
[SourceVersion "1"]
[SourceVersionDate "2013.11.20"]
[SourceQuality "1"]
[WhiteTeam "Solingen"]
[BlackTeam "Heitersheim"]
[WhiteTeamCountry "GER"]
[BlackTeamCountry "GER"]

1. e4 e5 2. Nf3 Nf6 3. Nxe5 d6 4. Nf3 Nxe4 5. Nc3 Nf6 6. d4 d5 7. Bg5 Be6 8. Bd3 Nc6 9. Ne5 a6 10. Ne2 Be7 11. f4 Ng4 12. Bxe7 Qxe7 13. Nxg4 Bxg4 14. c3 0-0-0 15. Qd2 Qf6 16. 0-0 Bf5 17. Qc2 Bxd3 18. Qxd3 Qd6 19. b4 Rde8 20. Ng3 Qe6 21. Kf2 Qh6 22. Kg1 Qe6 23. Rae1 Qh6 24. Qf5+ Kb8 25. Qxf7 Ref8 26. Qxd5 Rxf4 27. Re6 Rxf1+ 28. Nxf1 Qc1 29. Qf3 Qa1 30. Re2 Rd8 31. Qd3 Rf8 32. Rc2 Qb1 33. Qe2 Rxf1+ 34. Qxf1 Qxc2 35. Qf8+ Ka7 36. Qc5+ Ka8 37. d5 Qd1+ 38. Kf2 Qd2+ 39. Kf1 Qd1+ 40. Kf2 Qd2+ 1/2-1/2

[Event "Dortmund Sparkassen op-B"]
[Site "Dortmund"]
[Date "2012.07.18"]
[Round "5"]
[White "Guenaydin, Alperen"]
[Black "Bashylin, Seva"]
[Result "0-1"]
[WhiteElo "1401"]
[BlackElo "1754"]
[PlyCount "112"]
[EventDate "2012.07.14"]
[EventType "swiss"]
[EventRounds "9"]
[EventCountry "GER"]
[SourceTitle "EXT 2014"]
[Source "ChessBase"]
[SourceDate "2013.11.20"]
[SourceVersion "1"]
[SourceVersionDate "2013.11.20"]
[SourceQuality "1"]

1. d4 Nf6 2. c4 g6 3. Nc3 Bg7 4. e4 d6 5. f3 0-0 6. Be3 a6 7. Nge2 Nc6 8. g4 Rb8 9. Ng3 e5 10. d5 Nd4 11. Bxd4 exd4 12. Nce2 Nd7 13. Nxd4 Qf6 14. Nge2 Ne5 15. Qb3 Qh4+ 16. Ng3 Nxg4 17. fxg4 Bxd4 18. 0-0-0 Be5 19. Be2 Bxg4 20. Bxg4 Qxg4 21. Rdg1 b5 22. c5 Bd4 23. Rg2 Bxc5 24. Qc3 Qf4+ 25. Kb1 Qe5 26. Qf3 Bd4 27. Nf5 Kh8 28. Nh6 Qf6 29. Qxf6+ Bxf6 30. Rf1 Bg7 31. Nxf7+ Kg8 32. Rgf2 h6 33. e5 dxe5 34. d6 cxd6 35. Nxd6 Rxf2 36. Rxf2 Rd8 37. Ne4 Rf8 38. Rd2 Rf4 39. Nc5 e4 40. Nxa6 e3 41. Rd8+ Kh7 42. Nb4 e2 43. Nd3 Rf1+ 44. Kc2 e1Q 45. Nxe1 Rxe1 46. Rd2 Be5 47. b4 Ra1 48. Kd3 Rb1 49. Ke4 Bg7 50. a3 Rb3 51. Rd3 Rxd3 52. Kxd3 Bb2 53. a4 bxa4 54. b5 a3 55. Kc2 Be5 56. h3 a2 0-1

[Event "Dortmund Sparkassen op-B"]
[Site "Dortmund"]
[Date "2012.07.16"]
[Round "3"]
[White "Steinberg, Christian"]
[Black "Bashylin, Seva"]
[Result "0-1"]
[WhiteElo "1539"]
[BlackElo "1754"]
[PlyCount "82"]
[EventDate "2012.07.14"]
[EventType "swiss"]
[EventRounds "9"]
[EventCountry "GER"]
[SourceTitle "EXT 2014"]
[Source "ChessBase"]
[SourceDate "2013.11.20"]
[SourceVersion "1"]
[SourceVersionDate "2013.11.20"]
[SourceQuality "1"]

1. e4 e5 2. f4 exf4 3. Nf3 Be7 4. Bc4 d6 5. d4 Bh4+ 6. Ke2 Bf6 7. Bxf4 Bg4 8. c3 Ne7 9. Qb3 0-0 10. h3 Bxf3+ 11. gxf3 Ng6 12. Be3 Nd7 13. Rg1 Nb6 14. Bd3 Qd7 15. Rh1 Rae8 16. Nd2 Qe7 17. Rag1 d5 18. Kd1 c6 19. Kc1 dxe4 20. fxe4 Nd5 21. exd5 Qxe3 22. Bxg6 hxg6 23. dxc6 Bg5 24. Qd1 bxc6 25. Re1 Qd3 26. h4 Bh6 27. Qc2 Rxe1+ 28. Rxe1 Qg3 29. Qe4 Rb8 30. Re2 Qg1+ 31. Kc2 Qa1 32. Qxc6 Rxb2+ 33. Kd3 Qxa2 34. Qg2 Rxd2+ 35. Rxd2 Qxd2+ 36. Qxd2 Bxd2 37. Kxd2 Kf8 38. c4 Ke7 39. Kc3 f5 40. c5 f4 41. d5 f3 0-1

[Event "GER-chT U20"]
[Site "Osnabrueck"]
[Date "2011.12.30"]
[Round "7.6"]
[White "Bashylin, Seva"]
[Black "Schilz, Daniel"]
[Result "1-0"]
[WhiteElo "1761"]
[BlackElo "1410"]
[PlyCount "101"]
[EventDate "2011.12.27"]
[EventType "team-swiss"]
[EventRounds "7"]
[EventCountry "GER"]
[SourceTitle "CBM 146 Extra"]
[Source "ChessBase"]
[SourceDate "2012.02.29"]
[SourceVersion "1"]
[SourceVersionDate "2012.02.29"]
[SourceQuality "1"]
[WhiteTeam "Solingen"]
[BlackTeam "Gernsheim"]
[WhiteTeamCountry "GER"]
[BlackTeamCountry "GER"]

1. e4 e6 2. d3 d5 3. Nd2 c5 4. Ngf3 Nc6 5. g3 Nf6 6. Bg2 Be7 7. 0-0 0-0 8. e5 Nd7 9. Re1 b5 10. Nf1 a5 11. h4 b4 12. N1h2 a4 13. Bf4 Qa5 14. Ng5 h6 15. Nh3 Nd4 16. Rc1 Ba6 17. Qh5 Kh7 18. Ng4 Nf5 19. Ne3 Nxe3 20. Bxe3 b3 21. axb3 axb3 22. c4 Bb7 23. cxd5 Bxd5 24. Bxd5 exd5 25. Qf5+ Kh8 26. Qxd7 d4 27. Qxe7 dxe3 28. Qxc5 exf2+ 29. Nxf2 Qa6 30. Qc4 Qb6 31. d4 Rac8 32. Qd3 Rcd8 33. d5 Qa5 34. d6 Rfe8 35. d7 Re7 36. Qc3 Qb5 37. Qc5 Qxc5 38. Rxc5 Rexd7 39. Rb5 Re8 40. Rxb3 Rd5 41. Rbe3 Rd2 42. b4 Rb2 43. Nd3 Rb3 44. Nf4 Rxb4 45. e6 fxe6 46. Rxe6 Rxe6 47. Rxe6 Kg8 48. h5 Kf7 49. Rg6 Rb5 50. g4 Rb2 51. Ne6 1-0

[Event "Solingen-ch"]
[Site "Solingen"]
[Date "2011.12.02"]
[Round "6"]
[White "Bashylin, Seva"]
[Black "Hoffmann, Frank"]
[Result "1-0"]
[WhiteElo "1669"]
[BlackElo "1845"]
[PlyCount "79"]
[EventDate "2011.09.23"]
[EventType "swiss"]
[EventRounds "7"]
[EventCountry "GER"]
[SourceTitle "EXT 2015"]
[Source "ChessBase"]
[SourceDate "2014.11.20"]
[SourceVersion "1"]
[SourceVersionDate "2014.11.20"]
[SourceQuality "1"]

1. e4 e6 2. d3 d5 3. Nd2 dxe4 4. dxe4 g6 5. Ngf3 Bg7 6. e5 Ne7 7. Bb5+ Bd7 8. Qe2 0-0 9. b3 a6 10. Bxd7 Nxd7 11. Bb2 Nc6 12. 0-0 Re8 13. Rfd1 Qc8 14. Qe4 h6 15. Qf4 Ne7 16. Ne4 Nd5 17. Qh4 Qd8 18. Qh3 Qe7 19. c4 Nf4 20. Qg4 g5 21. h4 h5 22. Qxg5 Qxg5 23. Nexg5 Rad8 24. Ne4 Ng6 25. Nf6+ Nxf6 26. exf6 Bf8 27. g3 Bd6 28. Rd3 b6 29. Rad1 Rc8 30. Ng5 Ne5 31. Bxe5 Bxe5 32. Ne4 Rf8 33. b4 c6 34. Rd7 c5 35. bxc5 bxc5 36. Ra7 Rc6 37. Rdd7 Bd4 38. Ng5 Bxf6 39. Nxf7 Bg7 40. Nd8 1-0

[Event "Solingen-ch"]
[Site "Solingen"]
[Date "2011.10.21"]
[Round "3"]
[White "Wolf, Wieland"]
[Black "Bashylin, Seva"]
[Result "0-1"]
[WhiteElo "1392"]
[BlackElo "1669"]
[PlyCount "66"]
[EventDate "2011.09.23"]
[EventType "swiss"]
[EventRounds "7"]
[EventCountry "GER"]
[SourceTitle "EXT 2015"]
[Source "ChessBase"]
[SourceDate "2014.11.20"]
[SourceVersion "1"]
[SourceVersionDate "2014.11.20"]
[SourceQuality "1"]

1. e4 e5 2. Nf3 d6 3. Nc3 Nf6 4. Be2 Be7 5. d4 exd4 6. Nxd4 0-0 7. 0-0 Nc6 8. Be3 Re8 9. Nf5 Bxf5 10. exf5 Qd7 11. g4 h5 12. g5 Nh7 13. g6 fxg6 14. Qd5+ Kh8 15. fxg6 Nf6 16. Qg2 Ne5 17. f4 Neg4 18. Bd4 c5 19. Bxf6 Bxf6 20. Qh3 Rxe2 21. Qxh5+ Nh6 22. Nxe2 Bxb2 23. Rae1 Rf8 24. Rb1 Bf6 25. f5 b6 26. Nf4 Bd4+ 27. Kg2 Rxf5 28. Qh3 Qc6+ 29. Qf3 Rg5+ 30. Kh1 Rg1+ 31. Rxg1 Qxf3+ 32. Ng2 Bxg1 33. Re1 Be3 0-1

[Event "GER-ch Net qual4 U18"]
[Site "Playchess.com INT"]
[Date "2011.05.11"]
[Round "1"]
[White "Bashylin, Seva"]
[Black "Hahn, Markus"]
[Result "0-1"]
[WhiteElo "1658"]
[BlackElo "2018"]
[PlyCount "58"]
[EventDate "2011.05.11"]
[EventType "swiss (blitz)"]
[EventRounds "7"]
[EventCountry "GER"]
[SourceTitle "CBM 142 Extra"]
[Source "ChessBase"]
[SourceDate "2011.06.27"]
[SourceVersion "1"]
[SourceVersionDate "2011.06.27"]
[SourceQuality "1"]

1. e4 c5 2. Nc3 e6 3. g3 Nc6 4. f4 g6 5. Bg2 Bg7 6. Nf3 Nge7 7. 0-0 d6 8. d3 0-0 9. Be3 Nd4 10. Bf2 b6 11. Nxd4 cxd4 12. Ne2 e5 13. c3 dxc3 14. Nxc3 Ba6 15. b4 exf4 16. Qd2 Rc8 17. Rac1 fxg3 18. Bxg3 Qd7 19. Bf4 Bb7 20. Ne2 d5 21. Qe3 Rxc1 22. Rxc1 Rc8 23. Rxc8+ Qxc8 24. Bh6 Qe6 25. Bxg7 Kxg7 26. Bh3 Qe5 27. Ng3 dxe4 28. Nxe4 f5 29. Nc3 Qxe3+ 0-1

[Event "GER-ch Net qual4 U18"]
[Site "Playchess.com INT"]
[Date "2011.05.11"]
[Round "4"]
[White "Bashylin, Seva"]
[Black "Perestjuk, Marko"]
[Result "0-1"]
[WhiteElo "1658"]
[BlackElo "1809"]
[PlyCount "82"]
[EventDate "2011.05.11"]
[EventType "swiss (blitz)"]
[EventRounds "7"]
[EventCountry "GER"]
[SourceTitle "CBM 142 Extra"]
[Source "ChessBase"]
[SourceDate "2011.06.27"]
[SourceVersion "1"]
[SourceVersionDate "2011.06.27"]
[SourceQuality "1"]

1. e4 c5 2. Nc3 Nc6 3. g3 g6 4. Bg2 Bg7 5. f4 d6 6. Nf3 Nf6 7. d3 0-0 8. 0-0 Rb8 9. h3 b5 10. g4 b4 11. Ne2 a5 12. f5 Ba6 13. b3 a4 14. Rb1 a3 15. Qe1 Ne5 16. Qh4 Nxd3 17. Bh6 Ne5 18. Nf4 Bxf1 19. Rxf1 Nxf3+ 20. Bxf3 Nd7 21. Nd5 Bxh6 22. fxg6 fxg6 23. Qxh6 Ne5 24. Be2 Rxf1+ 25. Bxf1 e6 26. Nf4 Qf6 27. Ne2 Rf8 28. Qc1 Qf2+ 29. Kh1 Qxf1+ 30. Qxf1 Rxf1+ 31. Kg2 Ra1 32. Nf4 Kf7 33. h4 Rxa2 34. h5 Rxc2+ 35. Kg3 g5 36. Nh3 Rc3+ 37. Kg2 a2 38. Nxg5+ Kg8 39. Nxe6 a1Q 40. g5 Qb2+ 41. Kf1 Rc1# 0-1